00573nam a22001937a 450000500170000001000130001702000100003003500130004003700160005304000120006908200130008124500930009426000390018727000630022630000200028965000290030965000250033870000160036320170124110007.0 aA-409572 c00.00 aA-409572 bCen Lib/Ret aDPLbEN a327bREG aRegional conflicts causes and effects :ccontributed by Yuri Galin...[at el.]ba study / aAhmedabadbAllied Publishersc1987 aPrarthana Flat (1st Floor), NavrangpurabAhmedabade380009 a113p.c21cm(Hb) aMilitary history, Modern aDeveloping countries aGalin, Yuri